Statistics for Biggest US cities by state flags

Click here to take the quiz!

General Stats

  • This quiz has been taken 11 times
  • The average score is 40 of 50

Answer Stats

Answer% Correct
Albuquerque
100%
Anchorage
100%
Baltimore
100%
Charleston
100%
Columbus
100%
Denver
100%
Honolulu
100%
Houston
100%
Jackson
100%
Los Angeles
100%
Oklahoma City
100%
Phoenix
100%
Seattle
100%
Wilmington
100%
Atlanta
75%
Billings
75%
Birmingham
75%
Boise
75%
Boston
75%
Charlotte
75%
Cheyenne
75%
Chicago
75%
Des Moines
75%
Detroit
75%
Fargo
75%
Indianapolis
75%
Jacksonville
75%
Kansas City
75%
Las Vegas
75%
Little Rock
75%
Louisville
75%
Manchester
75%
Minneapolis
75%
Nashville
75%
Newark
75%
New Orleans
75%
New York
75%
Omaha
75%
Portland
75%
Portland
75%
Providence
75%
Salt Lake City
75%
Sioux Falls
75%
Wichita
75%
Bridgeport
50%
Burlington
50%
Charleston
50%
Milwaukee
50%
Philadelphia
50%
Virginia Beach
50%

Score Distribution

Percentile by Number Answered

Percent of People with Each Score

Your Score History

You have not taken this quiz